|
|
|
|
| LEADER |
00000nab a2200000 a 4500 |
| 001 |
vtls000136954 |
| 003 |
SK-MaSNL |
| 005 |
20260303195359.0 |
| 008 |
111104c1983 xo 0 slo |
| 015 |
|
|
|a SNBRB19rr/mm-uuuuu
|
| 035 |
|
|
|a CL0147060
|
| 040 |
|
|
|a SNKBUCL
|b slo
|c SNKBUCL
|e AACR2
|
| 041 |
0 |
|
|a slo
|
| 044 |
|
|
|a xo
|c SK
|
| 080 |
|
|
|a 329.15(437.6)KSS
|2 1981
|
| 100 |
1 |
|
|a (pk)
|4 aut
|9 626133
|
| 245 |
1 |
0 |
|a V súlade s potrebami spoločnosti
|b Rokovali OV KSS v Prešove a Rožňave
|c (pk), (bl)
|
| 610 |
2 |
7 |
|a Komunistická strana Slovenska
|2 snkbucl
|9 30182
|
| 651 |
|
7 |
|a 5407
|2 snkbucl
|9 893769
|
| 651 |
|
7 |
|a 5408
|2 snkbucl
|9 279318
|
| 655 |
|
7 |
|a články z novín a časopisov
|2 snkbucl
|9 267496
|
| 700 |
1 |
|
|a (bl)
|4 aut
|9 332369
|
| 773 |
0 |
|
|t Východoslovenské noviny
|g Roč. 32, č. 35 (11. 2. 1983), s. 1-2
|
| 850 |
|
|
|a Slovenská národná knižnica v Martine
|a MTA001
|
| 852 |
|
|
|a SNK
|b KIS3GCP
|
| 958 |
|
|
|a RK
|
| 992 |
|
|
|a RBX
|
| 999 |
|
|
|c 2162321
|d 2164251
|